00705nam a22001937a 4500999001900000005001700019010001500036020002700051035001400078037001300092082001700105245009800122250000900220260001500229270006400244300002600308942003100334952014600365 c181607d18160720210927160634.0 aENG-129973 c1295.00a9789353887711 aEN-113505 bDBAD/PUB a320.08209546 aWomen in Social Change:bVisions, Struggles and Persisting Concerns/cedited by Ghazala Jamil a2021 bSagec2021 bNew DelhiaBI/1-1 Mohan Cooperative Industrial Areae110044 axliv,276pc21cm (pbk) 2ddccENmGHAh320.08209546 001040708NFICaBL4bBL4d2021-09-27eDBAD/PUBg1295.00l1m1o320.08209546 WOMpEN-113505r2022-09-26 00:00:00s2022-08-26t1v1295.00yEN